| 000 | 01256cam a2200301 a 4500 | ||
|---|---|---|---|
| 005 | 20170926120639.0 | ||
| 008 | 060111t 2000sp a r 001 0 spa d | ||
| 020 | _a8478290362 | ||
| 040 |
_aCO-BoPUJ _cCO-BoIAVH _dCO-BoIAVH |
||
| 041 | 1 |
_aspa _heng |
|
| 044 | _asp | ||
| 082 | 0 | 4 |
_a005.12028 _bJ17p |
| 100 | 1 | _aJacobson, Ivar | |
| 245 | 1 | 3 |
_aEl proceso unificado de desarrollo de software / _cIvar Jacobson, Grady Booch y James Rumbaugh ; traducción Salvador Sánchez...[et al.] |
| 260 |
_aMadrid, España : _bAddison Wesley : _bPearson Educación, _cc2000. |
||
| 300 |
_axxvi, 438 páginas : _bilustraciones ; _c25 x 20 centímetros |
||
| 500 | _aLa guía completa del proceso unificado escrita por sus creadores. | ||
| 504 | _aIncluye referencias bibliográficas, glosario e indice. | ||
| 650 | 2 | 4 | _aIngeniería de software |
| 650 | 2 | 4 | _aAnálisis de sistemas |
| 650 | 2 | 4 | _aUML (Lenguaje de programación de computadores) |
| 650 | 2 | 4 |
_aDesarrollo de programas para computador _xMetodología |
| 650 | 2 | 4 |
_aDiseño de sistemas _xMetodología |
| 700 | 1 |
_aRumbaugh, James _eautor |
|
| 700 | 1 |
_aBooch, Grady _eautor |
|
| 700 | 1 |
_aSánchez, Salvador _etraductor |
|
| 942 |
_2ddc _cLIBRO |
||
| 999 |
_c2333 _d2333 |
||